| 000 | 00988nam a22003017a 4500 | ||
|---|---|---|---|
| 001 | 7637 | ||
| 003 | FISKH | ||
| 005 | 20250729100928.0 | ||
| 008 | 250729b cb ||||| |||| 00| 0 eng d | ||
| 020 | _a9780590463171 | ||
| 040 |
_aFISKH _beng _cFISKH _dFISKH |
||
| 050 | _aPZ7.P3635 F | ||
| 082 | _a028.5 | ||
| 100 | _aPellegrini, Nina | ||
| 245 |
_aFamilies are different / _cwritten and illustrated by Nina Pellegrini |
||
| 260 |
_aNew York : _bScholastic , _c1991. |
||
| 300 |
_a32 unnumbered pages : _bcolor illustrations ; _c23 cm . |
||
| 505 | _aM | ||
| 520 | _aAn adopted Korean girl discovers that her classmates have different types of families. | ||
| 521 | 8 |
_a540
_bLexile |
|
| 521 | 8 |
_aM
_bRaz-Plus |
|
| 650 |
_aMulticultural _vChildren's literature |
||
| 650 |
_aFamily diversity _vChildren's literature |
||
| 650 |
_aMarriage and Family _vChildren's literature |
||
| 700 |
_aPellegrini, Nina _eIllustrator |
||
| 942 |
_2ddc _cBK _n0 |
||
| 999 |
_c7637 _d7637 |
||